| 000 | 00349nam a2200145Ia 4500 | ||
|---|---|---|---|
| 008 | 230711s9999||||xx |||||||||||||| ||und|| | ||
| 041 | _aENG | ||
| 082 |
_a624 _bFR-C |
||
| 100 | _aFrancis,J.R.D | ||
| 245 | 0 | _aCivil Engineering hydraulic | |
| 250 | _a5th . Ed. | ||
| 260 |
_c1985 _aLondon _bEdward Arnold |
||
| 650 | _aCivil Engineering | ||
| 942 | _cBK | ||
| 999 |
_c1014 _d1014 |
||